War journal : my five years in Iraq
| Main Author: | |
|---|---|
| Format: | Book |
| Published: |
New York :
Simon & Schuster ,
2008
|
| Subjects: |
MARC
| LEADER | 00000cam a2200000 7i4500 | ||
|---|---|---|---|
| 001 | 0000123739 | ||
| 005 | 20090107.0 | ||
| 020 | |a 1416563040 | ||
| 090 | 0 | 0 | |a 956.70443092 |b ENG |
| 100 | 1 | |a Engel, Richard | |
| 245 | 1 | 0 | |a War journal : |b my five years in Iraq |c Richard Engel |
| 260 | |a New York : |b Simon & Schuster , |c 2008 | ||
| 300 | |a 392p. ; |c 24cm. | ||
| 650 | 0 | 0 | |a Iraq war, 2003- |
| 999 | |a 00218944 |b BUKU |c RUJUKAN |e PERPUSTAKAAN KOMUNITI PETALING JAYA | ||